[Event "?"]
[Site "masterchessopen.com – Olot (Spain)"]
[Round "0"]
[White "Rodriguez Amador (ESP)"]
[Black "Vehi Bach Victor M (ESP)"]
[Result "1-0"]
[WhiteElo "2510"]
[BlackElo "2365"]

1.e4 c5 2.Nf3 e6 3.d4 cxd4 4.Nxd4 Nc6 5.Nb5 d6 6.Bf4 e5 7.Be3 a6 8.N5c3 Nf6
9.Bg5 Be7 10.Nd2 O-O 11.Nc4 Be6 12.Bxf6 Bxf6 13.Qxd6 Qxd6 14.Nxd6 b5 15.Bd3 g6
16.a4 b4 17.Nd5 Bxd5 18.exd5 Nd4 19.O-O Rfd8 20.Nc4 Ra7 21.d6 Bg7 22.Rad1 f5
23.Na5 {#r} 1-0

[Event "Olympiad (w)"]
[Site "masterchessopen.com – Yerevan (Armenia)"]
[Round "12"]
[White "Hlgatian Goar (ARM)"]
[Black "De Kleuver Esther (NED)"]
[Result "1-0"]
[WhiteElo "2175"]
[BlackElo "2230"]

1.e4 c5 2.Nf3 e6 3.d4 cxd4 4.Nxd4 Nc6 5.Nb5 d6 6.c4 Nf6 7.N1c3 a6 8.Na3 d5
9.cxd5 exd5 10.exd5 Nb4 11.Be2 Nfxd5 12.O-O Be6 13.Qa4+ b5 14.Naxb5 axb5
15.Bxb5+ Ke7 16.Nxd5+ Nxd5 17.Qe4 Qd6 18.Re1 f6 19.Bf4 Qb6 20.Qxd5 Rd8 21.Qb3
Rc8 22.Rad1 Kf7 23.Be8+ {#r} 1-0

[Event "It (open)"]
[Site "masterchessopen.com – Ljubljana (Slovenia)"]
[Round "5"]
[White "Gomboc Miha (SLO)"]
[Black "Illijin Neboisa (ROM)"]
[Result "0-1"]
[WhiteElo "2192"]
[BlackElo "2310"]

1.e4 c5 2.Nf3 e6 3.d4 cxd4 4.Nxd4 Nc6 5.Nb5 d6 6.Bf4 e5 7.Be3 a6 8.N5a3 Nf6
9.Bg5 Be6 10.Bxf6 Qxf6 11.g3 d5 12.Bg2 Bc5 13.O-O dxe4 14.Bxe4 Bh3 15.Bg2 Bxg2
16.Kxg2 Nd4 17.c3 Qc6+ 18.f3 Nf5 19.Nc2 O-O 20.Qe2 Rad8 21.Nd2 Qb5 22.Rfe1
Qxb2 23.Nc4 Qxc3 {#R} 0-1

[Event "Ch Russia (juniors) (under 12)"]
[Site "masterchessopen.com – St. Petersburg (Russia)"]
[Round "1"]
[White "Anisimov Pavel (RUS)"]
[Black "Maletin Pavel (RUS)"]
[Result "1-0"]
[WhiteElo "2529"]
[BlackElo "2579"]

1.e4 c5 2.Nf3 e6 3.d4 cxd4 4.Nxd4 Nc6 5.Nb5 d6 6.Bf4 e5 7.Be3 Be7 8.N1c3 a6
9.Nd5 axb5 10.Bb6 Qd7 11.Nc7+ Kf8 12.Nxa8 Bd8 13.Bxb5 Nf6 14.Qd3 g6 15.O-O-O
Kg7 16.f3 Bxb6 17.Nxb6 Qd8 18.Nxc8 Qxc8 19.Bxc6 {#r} 1-0

[Event "Ch Poland (1/2 final)"]
[Site "masterchessopen.com – Czestochowa (Poland)"]
[Round "9"]
[White "Stefanek Piotr (POL)"]
[Black "Hnydiuk Aleksander (POL)"]
[Result "0-1"]
[WhiteElo "2182"]
[BlackElo "2310"]

1.e4 c5 2.Nf3 e6 3.d4 cxd4 4.Nxd4 Nc6 5.Nb5 d6 6.c4 Nf6 7.N1c3 a6 8.Na3 Be7
9.Be3 O-O 10.g3 Qa5 11.Bd2 Qb6 12.Rb1 d5 13.Bg2 Ne5 14.Be3 Qa5 15.Qd4 Bxa3
16.Qxe5 Ng4 17.Qd4 Nxe3 18.Qxe3 Bc5 19.Qd2 d4 {#R} 0-1

[Event "Bundesliga (juniors) (North) West 1997/98"]
[Site "masterchessopen.com – Germany"]
[Round "0"]
[White "Krause Thomas (GER)"]
[Black "Langrock Hannes (GER)"]
[Result "0-1"]
[WhiteElo "2137"]
[BlackElo "2105"]

1.e4 c5 2.Nf3 e6 3.d4 cxd4 4.Nxd4 Nc6 5.Nb5 d6 6.c4 Nf6 7.N1c3 a6 8.Na3 Be7
9.Be2 O-O 10.O-O Bd7 11.Be3 Rb8 12.Kh1 Qa5 13.g4 d5 14.exd5 Bxa3 15.dxc6 Bxc6+
16.Bf3 Bxb2 17.Rb1 Bxc3 18.Bxc6 bxc6 {#R} 0-1

[Event "It (cat.13)"]
[Site "masterchessopen.com – Hastings (England)"]
[Round "3"]
[White "McShane Luke J (ENG)"]
[Black "Plaskett Jim (ENG)"]
[Result "1-0"]
[WhiteElo "2470"]
[BlackElo "2455"]

1.e4 c5 2.Nf3 e6 3.d4 cxd4 4.Nxd4 Nc6 5.Nb5 d6 6.Bf4 e5 7.Be3 Be6 8.Nd2 Nf6
9.Bg5 d5 10.exd5 Bxd5 11.Bxf6 gxf6 12.Bc4 Rc8 13.Qg4 Bxc4 14.Nxc4 Nd4 15.Ncd6+
Bxd6 16.Nxd6+ Ke7 17.Nxc8+ Qxc8 18.Qxc8 Rxc8 19.Rc1 Rxc2 20.Rxc2 Nxc2+ 21.Kd2
Nb4 22.Rc1 Nc6 23.Rc3 {#r} 1-0

[Event "Ch State Sao Paulo"]
[Site "masterchessopen.com – Rio Claro (Brazil)"]
[Round "5"]
[White "Gonzalez Bolivar Ribeiro (BRA)"]
[Black "Milos Gilberto (BRA)"]
[Result "0-1"]
[WhiteElo "2265"]
[BlackElo "2575"]

1.e4 c5 2.Nf3 e6 3.d4 cxd4 4.Nxd4 Nc6 5.Nb5 d6 6.Bf4 e5 7.Be3 Be6 8.Be2 Be7
9.O-O Nf6 10.N1c3 O-O 11.a4 h6 12.f3 a6 13.Na3 Rc8 14.Kh1 Nb4 15.f4 exf4
16.Bxf4 d5 17.exd5 Nbxd5 18.Nxd5 Nxd5 19.Bd2 Bd6 20.Qe1 Re8 21.Bd3 Nf6 22.Qh4
Rc5 23.h3 Rh5 24.Qd4 Bxh3 {#R} 0-1

[Event "It (open)"]
[Site "masterchessopen.com – San Jose (Costa Rica)"]
[Round "6"]
[White "Remiro Juste Fernando J (ESP)"]
[Black "Lopez Gracia Fernando (ESP)"]
[Result "1-0"]
[WhiteElo "2235"]
[BlackElo "2311"]

1.e4 c5 2.Nf3 e6 3.d4 cxd4 4.Nxd4 Nc6 5.Nb5 d6 6.c4 Nf6 7.N5c3 Be7 8.g3 O-O
9.Bg2 a6 10.O-O Rb8 11.Na3 Qc7 12.Be3 Bd7 13.Rc1 Ne5 14.h3 Rfe8 15.f4 Nxc4
16.Nxc4 Qxc4 17.e5 dxe5 18.fxe5 Bc5 19.Bf2 Red8 20.exf6 Bc6 21.Qh5 {#r} 1-0

[Event "It (open) (a)"]
[Site "masterchessopen.com – Krakow (Poland)"]
[Round "0"]
[White "Jakubiec Artur (POL)"]
[Black "Zeberski Jakub (POL)"]
[Result "1-0"]
[WhiteElo "2453"]
[BlackElo "2243"]

1.e4 c5 2.Nf3 e6 3.d4 cxd4 4.Nxd4 Nc6 5.Nb5 d6 6.Bf4 e5 7.Be3 Be6 8.Nd2 a6
9.Nc3 Nf6 10.Nc4 b5 11.Nb6 Rb8 12.Nbd5 Be7 13.a4 b4 14.Nxf6+ Bxf6 15.Nd5 a5
16.Bb5 Bd7 17.Nxf6+ Qxf6 18.Qd5 Rc8 19.Rd1 Ke7 20.Bg5 {#r} 1-0

[Event "It (open)"]
[Site "masterchessopen.com – Linares (Spain)"]
[Round "4"]
[White "Bjerring Kai (DEN)"]
[Black "Maharramzade Javad (AZE)"]
[Result "0-1"]
[WhiteElo "2279"]
[BlackElo "2422"]

1.e4 c5 2.Nf3 e6 3.d4 cxd4 4.Nxd4 Nc6 5.Nb5 d6 6.c4 a6 7.N5c3 Nf6 8.Be2 Be7
9.O-O O-O 10.Na3 b6 11.Nc2 Bb7 12.Nd4 Ne5 13.f4 Ned7 14.Bd3 Nc5 15.Qe2 Nxd3
16.Qxd3 Rc8 17.b3 d5 18.cxd5 Nxe4 19.Nxe6 Rxc3 20.Qxc3 fxe6 {#R} 0-1

[Event "It (open)"]
[Site "masterchessopen.com – Lugano (Switzerland)"]
[Round "6"]
[White "Hoffmann Michael (GER)"]
[Black "Salvetti Alec (ITA)"]
[Result "1-0"]
[WhiteElo "2439"]
[BlackElo "2280"]

1.e4 c5 2.Nf3 e6 3.d4 cxd4 4.Nxd4 Nc6 5.Nb5 d6 6.Bf4 e5 7.Be3 a6 8.N5c3 Be6
9.Nd2 Nf6 10.Nc4 b5 11.Nb6 Rb8 12.Nbd5 Qa5 13.a4 b4 14.Nxf6+ gxf6 15.Nd5 Bg7
16.Bc4 Ne7 17.Qd3 f5 18.Nxe7 Bxc4 19.Qxd6 b3+ 20.c3 Qd8 21.Nxf5 Bf6 22.Qc6+
{#r} 1-0

[Event "Ch Poland (team) (2nd liga)"]
[Site "masterchessopen.com – Polanica Zdroj (Poland)"]
[Round "7"]
[White "Izbinski Bartlomiej (POL)"]
[Black "Grobelny Alojzy (POL)"]
[Result "0-1"]
[WhiteElo "2231"]
[BlackElo "2211"]

1.e4 c5 2.Nf3 e6 3.d4 cxd4 4.Nxd4 Nc6 5.Nb5 d6 6.Bf4 e5 7.Be3 Be6 8.c4 Be7
9.N1c3 a6 10.Na3 Nf6 11.Be2 O-O 12.O-O Rb8 13.f3 Nh5 14.Qd2 Nf4 15.Rfd1 Bg5
16.Kh1 Nd4 17.Bf1 Qf6 18.Nd5 Bxd5 19.cxd5 Qh6 20.Rdc1 Qh5 {#R} 0-1

[Event "It (open)"]
[Site "masterchessopen.com – Recklinghausen (Germany)"]
[Round "8"]
[White "Fuhrmann Marc Andre (GER)"]
[Black "Der Josef (GER)"]
[Result "0-1"]
[WhiteElo "2008"]
[BlackElo "1810"]

1.e4 c5 2.Nf3 Nc6 3.d4 cxd4 4.Nxd4 e6 5.Nb5 d6 6.Bf4 e5 7.Be3 a6 8.N5c3 Nf6
9.Bg5 Be7 10.Bxf6 Bxf6 11.Nd5 O-O 12.Nbc3 Be6 13.Bc4 Bg5 14.h4 Bh6 15.g4 g6
16.g5 Bg7 17.Ne3 Qd7 18.Bxe6 fxe6 19.Qd2 Nd4 20.Ne2 Nf3+ {#R} 0-1

[Event "Cup Rilton"]
[Site "masterchessopen.com – Stockholm (Sweden)"]
[Round "8"]
[White "Ehlvest Jaan (USA)"]
[Black "Hall Jesper (SWE)"]
[Result "1-0"]
[WhiteElo "2592"]
[BlackElo "2476"]

1.Nf3 c5 2.e4 e6 3.d4 cxd4 4.Nxd4 Nc6 5.Nb5 d6 6.c4 a6 7.N5c3 Nf6 8.Be2 d5
9.exd5 exd5 10.Nxd5 Nxd5 11.cxd5 Nb4 12.Nc3 Bf5 13.O-O Bd6 14.a3 Nc2 15.Rb1
Qh4 16.g3 Qd4 17.Bd2 h5 18.Rc1 h4 19.g4 Bd3 20.Bxd3 Qxd3 21.Qxc2 Qh3 22.Qe4+
Kf8 23.Qg2 Qd3 24.Be3 {#r} 1-0

[Event "Ch Hungary (juniors) (under 14)"]
[Site "masterchessopen.com – Paks (Hungary)"]
[Date "1999.04.03"]
[Round "8"]
[White "Antal Gergely (HUN)"]
[Black "Erdelyi Zombor (HUN)"]
[Result "1-0"]
[WhiteElo "2308"]
[BlackElo "2130"]

1.e4 c5 2.Nf3 e6 3.d4 cxd4 4.Nxd4 Nc6 5.Nb5 d6 6.Bf4 e5 7.Be3 Nf6 8.Bg5 a6
9.N5c3 Be6 10.Bxf6 gxf6 11.Nd5 f5 12.exf5 Bxf5 13.Bd3 Be6 14.Nbc3 Rc8 15.O-O
Bg7 16.Qh5 h6 17.f4 Ne7 18.Nxe7 Qxe7 19.f5 Bc4 20.Bxc4 Rxc4 21.f6 Bxf6 22.Nd5
Rh4 23.Qe2 Qd8 24.Nxf6+ {#r} 1-0

[Event "It"]
[Site "masterchessopen.com – Budapest (Hungary)"]
[Round "9"]
[White "Balogh Csaba (HUN)"]
[Black "Kanko Ilkka (FIN)"]
[Result "1-0"]
[WhiteElo "2359"]
[BlackElo "2206"]

1.e4 c5 2.Nf3 e6 3.d4 cxd4 4.Nxd4 Nc6 5.Nb5 d6 6.Bf4 e5 7.Be3 a6 8.N5c3 Nf6
9.Bc4 Be7 10.Nd5 Nxd5 11.Bxd5 O-O 12.O-O Be6 13.Nc3 Rc8 14.Qe2 Nd4 15.Qd3 Bxd5
16.Nxd5 Nxc2 17.Bb6 Qd7 18.Rac1 Nd4 19.Rxc8 Rxc8 20.Bxd4 exd4 21.Nb6 {#r} 1-0

[Event "Cup France"]
[Site "masterchessopen.com – France"]
[Round "2"]
[White "Bodenez Vincent (FRA)"]
[Black "Ollivier Alain (FRA)"]
[Result "1-0"]
[WhiteElo "2203"]
[BlackElo "1571"]

1.e4 c5 2.Nf3 e6 3.d4 cxd4 4.Nxd4 Nc6 5.Nb5 d6 6.c4 a6 7.N5a3 Nf6 8.Nc3 Be7
9.Be2 O-O 10.O-O b6 11.f4 Qc7 12.b3 Bb7 13.Bf3 Rfd8 14.Nc2 Nb4 15.Nxb4 Qc5+
16.Kh1 Qxb4 17.Qc2 Qc5 18.e5 Bxf3 19.exf6 Bxg2+ 20.Qxg2 Bxf6 21.Ne4 {#r} 1-0

[Event "Oberliga East B 2000/01"]
[Site "masterchessopen.com – Germany"]
[Round "3"]
[White "Peter Sebastien (FRA)"]
[Black "Majer Damir (GER)"]
[Result "1-0"]
[WhiteElo "2201"]
[BlackElo "2269"]

1.e4 c5 2.Nf3 e6 3.d4 cxd4 4.Nxd4 Nc6 5.Nb5 d6 6.c4 Nf6 7.N1c3 b6 8.Bf4 e5
9.Nd5 Nxd5 10.cxd5 exf4 11.dxc6 Be7 12.c7 Qd7 13.Qd5 O-O 14.Qxa8 d5 15.O-O-O
a6 16.Qxd5 Qg4 17.f3 Qg6 18.Na7 Be6 19.Qc6 Bf6 20.c8=Q {#r} 1-0

[Event "It (open)"]
[Site "masterchessopen.com – Collado Villalba (Spain)"]
[Round "2"]
[White "Cabanas Bravo Juan Andres (ESP)"]
[Black "Bernal Moro Luis Javier (ESP)"]
[Result "0-1"]
[WhiteElo "2092"]
[BlackElo "2407"]

1.e4 c5 2.Nf3 e6 3.d4 cxd4 4.Nxd4 Nc6 5.Nb5 d6 6.c4 Nf6 7.N1c3 a6 8.Na3 Be7
9.Be3 b6 10.Be2 Bb7 11.f4 O-O 12.O-O Rc8 13.Nc2 Na5 14.e5 dxe5 15.fxe5 Nd7
16.Qd4 Nc6 17.Qe4 Nb4 18.Qxb7 Nxc2 19.Rad1 Rc7 20.Qe4 Nxe3 21.Bd3 g6 {#R} 0-1

[Event "Ch World (juniors) (under 16)"]
[Site "masterchessopen.com – Oropesa (Spain)"]
[Round "1"]
[White "Michiels Bart (BEL)"]
[Black "Berkes Ferenc (HUN)"]
[Result "1-0"]
[WhiteElo "2159"]
[BlackElo "2541"]

1.e4 c5 2.Nf3 e6 3.d4 cxd4 4.Nxd4 Nc6 5.Nb5 d6 6.c4 Nf6 7.N1c3 a6 8.Na3 Be7
9.Be2 b6 10.O-O Bb7 11.Be3 O-O 12.f3 Ne5 13.Qd2 Qc7 14.Rfd1 Rac8 15.Rac1 Rfd8
16.Bf1 Ned7 17.Qf2 Rb8 18.Kh1 Bc8 19.Qg3 Kh8 {#r} 1-0

[Event "Ch Bulgaria (w)"]
[Site "masterchessopen.com – Plovdiv (Bulgaria)"]
[Round "2"]
[White "Velcheva Maria (BUL)"]
[Black "Andreeva Mariya (BUL)"]
[Result "1-0"]
[WhiteElo "2331"]
[BlackElo "2085"]

1.e4 c5 2.Nf3 e6 3.d4 cxd4 4.Nxd4 Nc6 5.Nb5 d6 6.Bf4 e5 7.Be3 Be6 8.c4 Be7
9.Qd2 Nf6 10.f3 O-O 11.Be2 Re8 12.O-O a6 13.N5c3 Nd7 14.Nd5 Bf8 15.Nbc3 Rc8
16.b4 h6 17.a3 f5 18.exf5 Bxf5 19.Ne4 Bxe4 20.fxe4 Ne7 21.Bh5 {#r} 1-0

[Event "It (open)"]
[Site "masterchessopen.com – Presov (Slovakia)"]
[Round "8"]
[White "Ciuksyte Dagne (ENG)"]
[Black "Rigo Zsolt (SVK)"]
[Result "1-0"]
[WhiteElo "2271"]
[BlackElo "2337"]

1.e4 c5 2.Nf3 e6 3.d4 cxd4 4.Nxd4 Nc6 5.Nb5 d6 6.c4 Nf6 7.N1c3 a6 8.Na3 Be7
9.Be2 O-O 10.O-O b6 11.Be3 Ne5 12.f4 Ned7 13.Bf3 Bb7 14.Qe2 Re8 15.Nc2 Qc7
16.g4 d5 17.exd5 exd5 18.g5 d4 19.Bxd4 Bc5 20.Qg2 Bxf3 21.Qxf3 Bxd4+ 22.Nxd4
Qc5 23.Rad1 {#r} 1-0

[Event "Ch China (team) (w)"]
[Site "masterchessopen.com – Suzhou/Jiangsu (China)"]
[Round "10"]
[White "Ruan Lufei (CHN)"]
[Black "Liang Zhihua (CHN)"]
[Result "0-1"]
[WhiteElo "2226"]
[BlackElo "2237"]

1.e4 c5 2.Nf3 e6 3.d4 cxd4 4.Nxd4 Nc6 5.Nb5 d6 6.c4 Nf6 7.N1c3 a6 8.Na3 Be7
9.Be2 O-O 10.O-O b6 11.f4 d5 12.cxd5 exd5 13.exd5 Bc5+ 14.Kh1 Nb4 15.Bf3 Bb7
16.Qb3 Nfxd5 17.Rd1 Re8 18.Nc2 Nxc2 19.Qxc2 Nb4 20.Qe2 Nd3 21.Be4 Nf2+ 22.Qxf2
Bxf2 23.Rxd8 Raxd8 {#R} 0-1

[Event "It (festival)"]
[Site "masterchessopen.com – Verona (Italy)"]
[Date "2001.01.05"]
[Round "6"]
[White "D'Innocente Stefano (ITA)"]
[Black "Djingarova Emilia (BUL)"]
[Result "0-1"]
[WhiteElo "2207"]
[BlackElo "2256"]

1.e4 c5 2.Nf3 e6 3.d4 cxd4 4.Nxd4 Nc6 5.Nb5 d6 6.c4 a6 7.N5a3 Nf6 8.Nc3 Be7
9.Be2 O-O 10.O-O b6 11.Be3 Bb7 12.Rc1 Rc8 13.f3 Re8 14.Qd2 Ne5 15.Rfd1 Qc7
16.Bf1 Qb8 17.Qf2 d5 18.cxd5 Neg4 19.fxg4 Nxg4 20.Qf4 Qxf4 21.Bxf4 Bc5+ {#R}
0-1

[Event "It (open)"]
[Site "masterchessopen.com – Tbilisi (Georgia)"]
[Date "2001.11.22"]
[Round "0"]
[White "Sulashvili Malkhaz (GEO)"]
[Black "Ioseliani Irina (GEO)"]
[Result "1-0"]
[WhiteElo "2246"]
[BlackElo "1998"]

1.e4 c5 2.Nf3 e6 3.d4 cxd4 4.Nxd4 Nc6 5.Nb5 d6 6.Bf4 e5 7.Be3 a6 8.N5c3 Be7
9.Nd5 f5 10.Bb6 Qd7 11.Nc7+ Kf8 12.Nxa8 fxe4 13.Nc7 Nf6 14.Bc4 Qf5 15.Nc3 g6
16.Qd2 Kg7 17.O-O-O h5 18.Kb1 Nd7 19.Be6 Qf8 20.Bxd7 Bxd7 21.Nxe4 {#r} 1-0

[Event "It (open)"]
[Site "masterchessopen.com – Fuerth (Germany)"]
[Round "8"]
[White "Grafl Florian (GER)"]
[Black "Jansa Vlastimil (CZE)"]
[Result "0-1"]
[WhiteElo "2343"]
[BlackElo "2504"]

1.e4 c5 2.Nf3 e6 3.d4 cxd4 4.Nxd4 Nc6 5.Nb5 d6 6.Bf4 e5 7.Bg5 Qxg5 8.Nc7+ Kd8
9.Nxa8 Nf6 10.Nd2 Be7 11.b4 Bg4 12.f3 Be6 13.b5 Nd4 14.b6 Qe3+ 15.Be2 Nh5
16.g3 Nf4 17.h3 Nfxe2 18.Kf1 Bxh3+ {#R} 0-1

[Event "Ch France (team) 2003"]
[Site "masterchessopen.com – France"]
[Round "11"]
[White "Delorme Alban (FRA)"]
[Black "Bellaiche Anthony (FRA)"]
[Result "0-1"]
[WhiteElo "2252"]
[BlackElo "2482"]

1.e4 c5 2.Nf3 Nc6 3.d4 cxd4 4.Nxd4 e6 5.Nb5 d6 6.Bf4 e5 7.Be3 Be7 8.N1c3 Nf6
9.Bg5 a6 10.Bxf6 gxf6 11.Na3 f5 12.exf5 Nd4 13.Nc4 Bxf5 14.Bd3 Be6 15.O-O Rc8
16.Ne3 d5 17.Qh5 e4 18.Nexd5 exd3 19.Qe5 Rg8 20.Qxd4 Rxc3 21.bxc3 Qxd5 22.Qxd5
Bxd5 23.f3 d2 24.Rfd1 Bc5+ {#R} 0-1

[Event "It (open)"]
[Site "masterchessopen.com – Guingamp (France)"]
[Round "7"]
[White "Denes Maxime (FRA)"]
[Black "Gorge Eric (FRA)"]
[Result "0-1"]
[WhiteElo "1903"]
[BlackElo "2102"]

1.e4 c5 2.Nf3 Nc6 3.d4 cxd4 4.Nxd4 e6 5.Nb5 d6 6.c4 Nf6 7.N1c3 a6 8.Na3 Be7
9.Be2 O-O 10.Nc2 Qc7 11.b3 d5 12.exd5 Nb4 13.Ne3 Nbxd5 14.Ncxd5 exd5 15.Nxd5
Nxd5 16.Qxd5 Bf6 17.Rb1 Rd8 18.Qh5 g6 19.Qh6 Qa5+ 20.Bd2 Rxd2 {#R} 0-1

[Event "Cup Itau (open)"]
[Site "masterchessopen.com – Sao Paulo (Brazil)"]
[Round "1"]
[White "Miyoshi Edson (BRA)"]
[Black "Tsuboi Edson Kenji (BRA)"]
[Result "0-1"]
[WhiteElo "2115"]
[BlackElo "2387"]

1.e4 c5 2.Nf3 Nc6 3.d4 cxd4 4.Nxd4 e6 5.Nb5 d6 6.Bf4 e5 7.Be3 Nf6 8.Bg5 a6
9.Bxf6 gxf6 10.N5c3 Be6 11.Bd3 Rg8 12.g3 Nd4 13.Nd2 Bh6 14.Qh5 Rg6 15.h3 Kf8
16.Nf3 Qb6 17.Nh4 Kg7 18.Nxg6 Qxb2 19.O-O hxg6 20.Qd1 Qxc3 21.Kg2 f5 22.f4
fxe4 23.Bxe4 d5 {#R} 0-1

[Event "Tournament (weekend) (juniors) (under 16)"]
[Site "masterchessopen.com – Porto Sant'Elpidio (Italy)"]
[Date "2003.11.23"]
[Round "6"]
[White "Gianfelici Edoardo (ITA)"]
[Black "Gasparroni Daniele"]
[Result "0-1"]
[WhiteElo "2052"]
[BlackElo "1645"]

1.e4 c5 2.Nf3 e6 3.d4 cxd4 4.Nxd4 Nc6 5.Nb5 d6 6.c4 a6 7.N5c3 g6 8.Be2 Bg7
9.Be3 Nge7 10.Qd2 O-O 11.Na3 f5 12.O-O fxe4 13.Nxe4 Nf5 14.Nxd6 Qxd6 15.Qxd6
Nxd6 16.Bc5 Rd8 17.Bf3 Bxb2 18.Rad1 Bxa3 19.Bxa3 Nf7 {#R} 0-1

[Event "Ch Belgium (team) 2003/04 (2 div)"]
[Site "masterchessopen.com – Belgium"]
[Date "2004.03.09"]
[Round "10"]
[White "Maas Thomas (BEL)"]
[Black "Bossuyt Koen (BEL)"]
[Result "0-1"]
[WhiteElo "2058"]
[BlackElo "2157"]

1.e4 c5 2.Nf3 e6 3.d4 cxd4 4.Nxd4 Nc6 5.Nb5 d6 6.Bf4 e5 7.Be3 Nf6 8.Bg5 Be6
9.g3 Rc8 10.N1c3 a6 11.Bxf6 gxf6 12.Na3 Nd4 13.Bg2 b5 14.Nd5 Bxd5 15.exd5 b4
16.c3 bxc3 17.Qa4+ Qd7 18.Qxd7+ Kxd7 19.Bh3+ f5 20.b3 Bh6 21.O-O c2 22.f4 c1=Q
{#R} 0-1

[Event "Ch Yugoslavia (team)"]
[Site "masterchessopen.com – Petrovac (Yugoslavia)"]
[Date "2004.05.21"]
[Round "6"]
[White "Todorovic Jovan (SRB)"]
[Black "Vratonjic Slobo (SRB)"]
[Result "1-0"]
[WhiteElo "2408"]
[BlackElo "2446"]

1.e4 c5 2.Nf3 e6 3.d4 cxd4 4.Nxd4 Nc6 5.Nb5 d6 6.Bf4 e5 7.Be3 Be6 8.Nd2 a6
9.Nc3 Nf6 10.Bg5 Be7 11.Nc4 Nd4 12.Bxf6 Bxf6 13.Ne3 O-O 14.Bd3 Bg5 15.Ncd5 Rc8
16.O-O Nc6 17.c3 Ne7 18.Bc2 Bxe3 19.Nxe3 Qb6 20.Bb3 Rcd8 21.Re1 Qc6 22.Qd3 d5
23.exd5 Nxd5 24.Bxd5 {#r} 1-0

[Event "It (open)"]
[Site "masterchessopen.com – Klatovy (Czech Republic)"]
[Date "2004.07.04"]
[Round "2"]
[White "Kupka Frantisek (CZE)"]
[Black "Polomis Zdenek (CZE)"]
[Result "1-0"]
[WhiteElo "2031"]
[BlackElo "2069"]

1.e4 c5 2.Nf3 Nc6 3.d4 cxd4 4.Nxd4 e6 5.Nb5 a6 6.Nd6+ Bxd6 7.Qxd6 Qa5+ 8.Bd2
Qe5 9.Qxe5 Nxe5 10.Bc3 f6 11.Be2 Ne7 12.f4 N5g6 13.O-O e5 14.fxe5 Nxe5 15.Nd2
O-O 16.Bxe5 fxe5 17.Bc4+ d5 18.exd5 Nf5 19.d6+ {#r} 1-0

[Event "It (open)"]
[Site "masterchessopen.com – Pirot (Yugoslavia)"]
[Date "2004.07.26"]
[Round "3"]
[White "Milosavljevic Milica (SRB)"]
[Black "Mladenovic Jelena (SRB)"]
[Result "0-1"]
[WhiteElo "1896"]
[BlackElo "2149"]

1.e4 c5 2.Nf3 Nc6 3.d4 cxd4 4.Nxd4 e6 5.Nb5 d6 6.Bf4 e5 7.Be3 Nf6 8.Bg5 a6
9.Bxf6 gxf6 10.N5c3 f5 11.f3 fxe4 12.fxe4 Nd4 13.Bd3 Rg8 14.Qd2 Bh3 15.Bf1
Qh4+ 16.Kd1 Bh6 17.Qd3 Bxg2 18.Bxg2 Rxg2 19.Nd5 Qg4+ 20.Ke1 Re2+ 21.Kd1 Rxe4+
{#R} 0-1

[Event "It (open) (juniors) (under 14)"]
[Site "masterchessopen.com – Hengelo (Netherlands)"]
[Date "2004.08.10"]
[Round "2"]
[White "Burg Twan (NED)"]
[Black "Munnik Talitha (NED)"]
[Result "1-0"]
[WhiteElo "2071"]
[BlackElo "2026"]

1.e4 c5 2.Nf3 Nc6 3.d4 cxd4 4.Nxd4 e6 5.Nb5 d6 6.Bf4 e5 7.Be3 Be6 8.a4 Nf6
9.N1c3 d5 10.exd5 Nxd5 11.Nxd5 Bxd5 12.Qxd5 {#r} 1-0

[Event "It (open)"]
[Site "masterchessopen.com – Salonika (Greece)"]
[Date "2004.09.05"]
[Round "2"]
[White "Kelesiadis Georgios (GRE)"]
[Black "Mastrovasilis Dimitrios (GRE)"]
[Result "0-1"]
[WhiteElo "2073"]
[BlackElo "2574"]

1.e4 c5 2.Nf3 e6 3.d4 cxd4 4.Nxd4 Nc6 5.Nb5 d6 6.c4 Nf6 7.N1c3 a6 8.Na3 b6
9.Be2 Bb7 10.Be3 Be7 11.Qb3 Nd7 12.O-O O-O 13.Na4 Na5 14.Qc2 Rc8 15.b4 b5
16.bxa5 Qxa5 17.Rab1 Ba8 18.Qc3 Qxa4 19.Bd1 Bf6 20.Qd2 Qxa3 21.Rb3 Qa4 22.Qxd6
Ne5 23.Rc3 Nxc4 24.Qxf8+ Kxf8 {#R} 0-1

[Event "Ch Switzerland (team) 2004"]
[Site "masterchessopen.com – Switzerland"]
[Date "2004.11.06"]
[Round "8"]
[White "Pinol Fabrice (SUI)"]
[Black "Fierz Martin (SUI)"]
[Result "1-0"]
[WhiteElo "2072"]
[BlackElo "2277"]

1.e4 c5 2.Nf3 e6 3.d4 cxd4 4.Nxd4 Nc6 5.Nb5 d6 6.c4 Nf6 7.N1c3 a6 8.Na3 b6
9.Be2 Bb7 10.O-O Ne5 11.f4 Ned7 12.Bf3 Be7 13.Qe2 Qc7 14.e5 Ng8 15.exd6 Bxd6
16.Nab5 axb5 17.Nxb5 Bc5+ 18.Be3 Qxf4 19.Bxc5 Bxf3 20.Rxf3 Qe5 21.Nd6+ {#r}
1-0

[Event "Tournament (qual)"]
[Site "masterchessopen.com – Alzira (Spain)"]
[Date "2004.12.18"]
[Round "7"]
[White "Manez Alino Salvador (ESP)"]
[Black "Barberan Perez Guillermo"]
[Result "0-1"]
[WhiteElo "1829"]
[BlackElo "1965"]

1.e4 c5 2.Nf3 Nc6 3.d4 cxd4 4.Nxd4 e6 5.Nb5 d6 6.Bf4 e5 7.Be3 Be6 8.N1c3 a6
9.Na3 Nf6 10.Bg5 Be7 11.Nc4 Nd4 12.Ne3 Qa5 13.Bd3 Nxe4 14.Bxe7 Nxc3 15.Qd2
Kxe7 16.bxc3 Nb5 17.Bxb5 Qxb5 18.Kd1 Rac8 19.Kc1 Qa5 20.Nd1 Qa3+ 21.Nb2 Rc5
22.Qg5+ Kd7 {#R} 0-1

[Event "It (open)"]
[Site "masterchessopen.com – Iraklion (Greece)"]
[Round "3"]
[White "Vlahos Athanasios (GRE)"]
[Black "Tassopoulos Marios (GRE)"]
[Result "0-1"]
[WhiteElo "2011"]
[BlackElo "2225"]

1.e4 c5 2.Nf3 e6 3.d4 cxd4 4.Nxd4 Nc6 5.Nb5 d6 6.c4 Nf6 7.N5c3 Be7 8.Be2 b6
9.O-O Bb7 10.f4 Rc8 11.Bf3 Qc7 12.Be3 O-O 13.Nd2 Rfd8 14.Rc1 Qb8 15.Qe2 Bf8
16.g4 d5 17.exd5 exd5 18.Nxd5 Nxd5 19.cxd5 Nb4 20.Rxc8 Qxc8 21.Rd1 Nxd5 22.Nf1
Ba6 23.Qf2 Nxe3 {#R} 0-1

[Event "It \"]
[Site "masterchessopen.com – Connecticut (USA)"]
[Date "2005.03.24"]
[Round "2"]
[White "Vasquez Rodrigo (CHI)"]
[Black "Friedman Josef (USA)"]
[Result "1-0"]
[WhiteElo "2506"]
[BlackElo "2207"]

1.e4 c5 2.Nf3 Nc6 3.d4 cxd4 4.Nxd4 e6 5.Nb5 d6 6.c4 a6 7.N5c3 Nf6 8.Be2 Be7
9.O-O O-O 10.Bf4 h6 11.Qd2 Ne5 12.Rd1 Bd7 13.c5 dxc5 14.Bxe5 Bc6 15.Qc2 Qb6
16.Nd2 Qa7 17.a4 b6 18.Nc4 Qb7 19.f3 Rfd8 20.Qb3 {#r} 1-0